000 00797nam a2200229Ii 4500
003 JO-AjNU
008 230605s9999||||xx |||||||||||||| ||und||
017 _a24727
020 _a978-977-368-375
040 _aJO-AjNU
_bara
_erda
_cJO-AjNU
041 _aara
050 1 4 _aKBP858.J33.2012
100 3 _a جاب الله، محمد عبد المقصود ,
_eauthor
_944221
245 0 0 _aفقة الكتاب والسنة في عقود المعاملات
250 _aط1
264 3 1 _aالاسكندرية : مؤسسة حورس الدولية ، 2012
300 _a249ص
336 _atext
_btxt
_2rdacontent
337 _aunmediated
_bn
_2rdamedia
338 _avolume
_bnc
_2rdacarrier
650 4 _aالعقود (فقة اسلامي ) -- المعاملات ( فقة اسلامي )
_944222
999 _aA19076
_c22644
_d22644